000 03099nam a2200313Ia 4500
005 20180726144454.0
008 130821k16201646sp fr 1 latsd
040 _aCo-BoUCM
_bspa
_cSandra Yazo
_dSandra Yazo
041 0 _alat
082 0 4 _a340.5
_220
092 _aE08N055
100 1 _aLeón, Francisco Jerónimo de
_dactive 1605-1646?
_963638
242 0 0 _aSentencias del Supremo Tribunal Real de Valencia.
_bLibro primero [-Tomo tercero]
_yspa
_cAutor Francisco Jerónimo de León
245 1 0 _aDecisiones Sacrae Regiae Audientiae Valentinae ...
_bLiber primus [-tomus tertius]
_cAuctore Francisco Hieronymo Leo, sive de Leon ...
260 _aMatriti [Madrid] ; Oriolae [Orihuela] ; Valentiae [Valencia] (España)
_bApud Thomam Iuntam, typographum regium [En los talleres de Tomás Junta, impresor del rey] ; Apud Augustinum Martinez typographum [En los talleres de impresor Agustín Martínez] ; Ex Praelo Syluestri Sparsa [De las prensas de Silvestre Esparza]
_c1620-1646
300 _a3 volúmenes ([50], 723, [76] ; [30], 676, [84] páginas ; [2], 217, [28] folios]
_c30 x 21 cm.
500 _aDetalles físicos: Encuadernación flexible en pergamino. Tapas y lomos con pergamino manchado, arrugado, V.1 y V.3 con notorio deterioro en bordes. Conserva las guardas en regular estado. Portadas impresas en una sola tinta, en cada volumen una ligera variación (Escudo del rey al que se dedica la obra). Texto impreso en dos columnas, con diversos tipos y tamaños de letras. Cenefas y remates. Mayúsculas capitales. Sumario al inicio de cada sentencia, párrafos numerados. Abreviaturas. Márgenes amplios. Signaturas y reclamos. V.1: anotación de propiedad (D. Verastegui) Tasación, fe de erratas, licencias y permisos, privilegio real, dedicatoria. Versos latinos y griegos de elogio al autor y su obra. pág. 187 un cuadro sinóptico. Antes del índice final colofón. V.2 con restauraciones anteriores en la guarda delantera. Tiene erratas, permisos y licencias, versos latinos de elogio al autor. Privilegio real. Dedicatoria. Manchas sobre el papel al final, notorias en borde vertical. V.3: Al final colofón. Ejemplares agrupados en un solo registro para mantener el orden de la colección, datos de publicación tomados del V.1
505 2 _aSentencias del Tribunal Supremo de Valencia: V.1: Sentencia 1 – 120 ; V.2: sentencia 121 – 212 ; V.3: Sentencias adicionales, 1 – 40.
506 _aConsulta en sala
546 _aTexto en latín
650 7 _aDerecho antiguo
_zEspaña
_962837
650 7 _aDerecho canónico
_xObras anteriores a 1800
_929726
650 7 _aDerecho civil
_xObras anteriores a 1800
_929560
653 _aAmbos derechos
690 _aDerecho civil
_912711
856 4 8 _uhttps://books.google.com.co/books?id=oK72oFR2zB8C&printsec=frontcover&hl=es&source=gbs_ge_summary_r&cad=0#v=onepage&q&f=false
_zDisponible en línea V.1
856 4 8 _uhttps://books.google.com.co/books?id=oK72oFR2zB8C&printsec=frontcover&hl=es&source=gbs_ge_summary_r&cad=0#v=onepage&q&f=false
_zDisponible en línea V.2
942 _cLIBRO
_a4
_e1
_2LOCAL
_hE08N055
999 _c72115
_d72115